Langues de JetPunk - Compter jusqu'à 10 - Statistiques

Statistiques générales
  • Ce quiz a été pris 1 359 fois
    782 depuis la dernière actualisation
  • Le résultat moyen est 52 sur 99
Statistiques - réponses
Langue # Réponse % Correct
Anglais 0 Zero
99%
Français 0 Zéro
99%
Italien 0 Zero
99%
Portugais 0 Zero
99%
Polonais 0 Zero
99%
Anglais 1 One
98%
Anglais 6 Six
98%
Français 6 Six
98%
Français 1 Un
98%
Anglais 5 Five
97%
Anglais 7 Seven
97%
Anglais 10 Ten
97%
Italien 3 Tre
97%
Anglais 2 Two
97%
Espagnol 1 Uno
97%
Italien 1 Uno
97%
Français 5 Cinq
96%
Anglais 4 Four
96%
Anglais 9 Nine
96%
Anglais 3 Three
96%
Espagnol 2 Dos
95%
Anglais 8 Eight
95%
Français 2 Deux
94%
Français 10 Dix
94%
Français 8 Huit
94%
Français 9 Neuf
94%
Français 4 Quatre
94%
Français 7 Sept
94%
Français 3 Trois
94%
Espagnol 3 Tres
93%
Portugais 3 Três
93%
Italien 6 Sei
88%
Espagnol 5 Cinco
82%
Portugais 5 Cinco
82%
Espagnol 8 Ocho
81%
Espagnol 9 Nueve
80%
Espagnol 4 Cuatro
79%
Espagnol 7 Siete
78%
Espagnol 6 Seis
77%
Portugais 6 Seis
77%
Espagnol 10 Diez
68%
Allemand 3 Drei
65%
Portugais 4 Quatro
65%
Italien 2 Due
61%
Allemand 1 Eins
59%
Allemand 2 Zwei
59%
Allemand 5 Fünf
55%
Allemand 8 Acht
54%
Néerlandais 8 Acht
54%
Allemand 7 Sieben
51%
Allemand 9 Neun
50%
Allemand 4 Vier
50%
Néerlandais 4 Vier
50%
Italien 5 Cinque
47%
Italien 8 Otto
46%
Néerlandais 0 Nul
45%
Allemand 6 Sechs
44%
Italien 9 Nove
43%
Portugais 9 Nove
43%
Espagnol 0 Cero
41%
Italien 4 Quattro
41%
Allemand 10 Zehn
41%
Italien 7 Sette
40%
Allemand 0 Null
38%
Italien 10 Dieci
33%
Portugais 7 Sete
32%
Portugais 1 Um
17%
Néerlandais 1 Een
15%
Néerlandais 3 Drie
14%
Portugais 2 Dois
13%
Néerlandais 2 Twee
12%
Portugais 10 Dez
11%
Néerlandais 9 Negen
10%
Portugais 8 Oito
10%
Néerlandais 10 Tien
10%
Néerlandais 5 Vijf
10%
Néerlandais 7 Zeven
10%
Néerlandais 6 Zes
9%
Polonais 2 Dwa
7%
Polonais 1 Jeden
6%
Finnois 1 Yksi
6%
Finnois 2 Kaksi
5%
Polonais 5 Piec
5%
Polonais 3 Trzy
5%
Polonais 4 Cztery
4%
Polonais 10 Dziesiec
4%
Polonais 9 Dziewiec
4%
Finnois 8 Kahdeksan
4%
Finnois 3 Kolme
4%
Finnois 6 Kuusi
4%
Finnois 0 Nolla
4%
Polonais 8 Osiem
4%
Polonais 7 Siedem
4%
Polonais 6 Szesc
4%
Finnois 10 Kymmenen
3%
Finnois 4 Neljä
3%
Finnois 7 Seitsemän
3%
Finnois 5 Viisi
3%
Finnois 9 Yhdeksän
3%
Aucun quiz correspondant
Distribution des résultats
% des personnes avec chaque résultat
Percentile par nombre de réponses
Votre historique - résultats
Vous n’avez pas pris ce quiz depuis la dernière actualisation